=LDR 00000nam 2200000 4500 =001 000393 =005 20250711015359 =035 ##$$a 0010-0725000255 =007 ta =008 250711################a##########0#ind## =100 #$$a Samrach, Vann =245 1#$$a Awan yang Cemburu /$c Vann Samrach =250 ##$$a Cetakan Pertama =260 ##$$a Jakarta Timur :$b Badan Pengembangan dan Pembinaan Bahasa,$c 2024 =300 ##$$a 18 hlm. : $b Ilus. ; $c 21,5 cm =856 ##$$a TBM As-suhada =082 ##$$a 398. 209 598 =084 ##$$a 398. 209 598 SAM a =650 #4$$a Cerita-anak Indonesia-Terjemahan =600 #4$$a Literasi-Bahan Bacaan =990 ##$$a TBM202400119